Normal view MARC view

Entry Uniform Title

Number of records used in: 2

001 - CONTROL NUMBER

  • control field: 23500

003 - CONTROL NUMBER IDENTIFIER

  • control field: dpl

005 - DATE AND TIME OF LATEST TRANSACTION

  • control field: 20101013145341.0

008 - FIXED-LENGTH DATA ELEMENTS

  • fixed length control field: 101013|||a|||||| | ||| d

040 ## - CATALOGING SOURCE

  • Original cataloging agency: dpl
  • Transcribing agency: dpl

130 ## - HEADING--UNIFORM TITLE

  • Uniform title: Self Study Guide

670 ## - SOURCE DATA FOUND

  • Source citation: Work cat.: (dpl)35999: भारतीय जीवन बीमा निगम (LIC ADO Recruitment Exam 2010 प्रशिक्षु विकास पदाधिकारी /, 2010

670 ## - SOURCE DATA FOUND

  • Source citation: Work cat.: (dpl)35999: भारतीय जीवन बीमा निगम (LIC ADO Recruitment Exam 2010 प्रशिक्षु विकास पदाधिकारी /, 2010

© Delhi Public Library
Hit Counter
free hit counter